MARC

LEADER 00000cam a2200000 7i4500
001 0000025364
005 20140819.0
008 140521 my a f may
040 |a INS 
090 0 0 |a J155 
110 1 |a Kursus asas penilaian modul 1 : Asas perundangan - Pembantu penilaian gred W17 ,   |d 2013 1 - 4 April   |c INSPEN, Bangi 
245 0 0 |a Kursus asas penilaian modul 1 : Asas Perundangan - Pembantu penilaian gred W17 - :   |b 1 - 4 April 2013   |c Anjuran Pusat Penilaian dan Perkhidmatan Harta, INSPEN 
260 |a Bangi :   |b Institut Penilaian Negara ,   |c 2013 
300 |a 1v. ( Mukasurat pelbagai ) :   |b ill. ;   |c 30 cm. 
650 0 0 |a Pembantu penilaian   |x Training of 
650 0 0 |a Real property   |x Valuation 
650 0 0 |a Real property   |z Malaysia   |x Law and legislations 
650 0 0 |a Valuation   |x Handbooks, manual, etc. 
650 0 0 |a Valuation   |x Handbooks, manuals, etc. 
710 1 |a INSPEN ( Institut Penilaian Negara ) 
856 |u http://app.inspen.gov.my:7779/pls/portal/docs/PAGE/CORPORATEPAGES/PORTAL_INSPEN/NOTA_KURSUS/ASP/KURSUS%20ASAS%20PENILAIAN%20MODUL%201_%20ASAS%20PERUNDANGAN%20-%20PEMBANTU%20PENILAIAN%20GRED%20W17.PDF 
999 |a J000000327   |b BOOK   |c Course Notes   |e Default branch 
999 |a J000000328   |b BOOK   |c Course Notes   |e Default branch 
999 |a J000000348   |b BOOK   |c Course Notes   |e Default branch